000 00949nam a2200289Ia 4500
005 20220317001803.0
008 170328s2016 c ao g 000 0 s
020 _a9789585918788
041 _aspa
082 0 4 _a986.1
_bS15g
100 1 _aSantos Molano, Enrique
_d1942-
245 1 4 _aLas grandes noticias colombianas
_cEnrique Santos Molano
250 _aPrimera edición
300 _a223 páginas
_bilustraciones, fotografías en blanco y negro
_c20 cm
490 _aDivertimento
500 _aIncluye índice onomástico
500 _aIncluye créditos fotográficos
650 1 4 _2LEMB
_aColombia
_xHistoria
_ySiglo XXI
650 1 4 _2LEMB
_aPeriodismo
_xHistoria
_zColombia
651 4 _aColombia
_xHistoria
_93677
942 _2ddc
_cBK
264 _aBogotá
_bSemana Libros
_c2016
336 _atexto
_btxt
_2rdacontent
337 _asin mediación
_bn
_2rdamedia
338 _avolumen
_bnc
_2rdacarrier
040 _aCO-BoRNBP
_bspa
_erda
_cCO-BoRNBP
999 _c8091
_d8091